000 00344nam a2200133Ia 4500
005 20251222144805.0
008 251222s9999||||xx |||||||||||||| ||spa||
020 _a84-7434-829-3
082 _a331.21/P29
100 _aPaukert, Felix
245 0 _aPolĂ­ticas de Ingreso:
264 _bMinisterio de Trabajo y Seguridad Social
942 _cLIB
999 _c19881
_d19881